000
00324nam a22001457a 4500
008
230912b ||||| |||| 00| 0 eng d
020
_a
0521266394
041
_a
eng
080
_a
521
082
_a
521CLA
100
_a
19
101
_a
ASTRO
245
_a
RELATIVITY ON CURVED MANIFOLDS
_c
CLARKE.S.J.C
942
_2
udc
_c
BK
999
_c
60333
_d
60333